000 01265nam0a22002771 4500
001 rc\4663647
005 20130416203610.3
021 _aRU
_b[57-46381]
035 _a(NLR Aleph) 008698284
090 _a9282483
_c9282483
100 _a20130416d1957 |||y0rusy50 ca
101 0 _arus
102 _aRU
105 _aa z |||||
200 1 _aКустовой метод профилактического ремонта контактной сети трамвая и троллейбуса
_fО-во по распространению полит. и науч. знаний РСФСР. Моск. дом науч.-техн. пропаганды им. Ф.Э. Дзержинского
210 _aМосква
_cБ. и.
_d1957
215 _a32 с.
_cил.
_d21
225 1 _aСтенограмма лекции
_iСерия "Транспорт"
_vВып. 5
606 _aКонтактные сети, трамвайные
_xРемонт и содержание
_2psbo
606 _aКонтактные сети троллейбусные
_xРемонт и содержание
_2psbo
700 1 _aПеркис
_bД. И.
_gДавид Исаевич
801 0 _aRU
_bNLR
_gpsbo
801 1 _aRU
_bELAR
_2rusmarc
852 _aNLR
_j57-4/11932
942 _cBOOK
980 _aNB